| 000 | 00428nam a2200145 a 4500 | ||
|---|---|---|---|
| 005 | 20140412111239.0 | ||
| 008 | 010710s19uu xx 00 eng d | ||
| 050 |
_aER _bPo784 |
||
| 245 |
_aPom-pom's birthday party : _b4 counting by tens / _cillustrated by Ichiko Fuyuno. |
||
| 260 |
_aTokyo : _bFroebel-kan co., ltd. |
||
| 300 | _a1v. (unp.) ; ill. | ||
| 440 | _aMy Shape Books | ||
| 650 | _aCounting by tens | ||
| 999 |
_c102621 _d102621 |
||